LEADER 01417nam0-22004211i-450- 001 990005562940203316 005 20110520032125.354 035 $a000556294 035 $aUSA01000556294 035 $a(ALEPH)000556294USA01 035 $a000556294 100 $a20110520d1983-------|0itac50------ba 101 $aita 102 $aIT 105 $a|||| ||||| 200 1 $aDistribuzione personale dei redditi e spesa sociale$fRenata Livraghi, Paolo Roberti, Emanuela Di Filippo 210 $aMilano$cAngeli$d1983 215 $a322 p.$d22 cm 225 2$aQuaderni di economia del lavoro$v17/18 1982 410 1$12001$aQuaderni di economia del lavoro$v17/18 1982 606 $aReddito$xDistribuzione$xItalia$2FI 620 $dMilano 676 $a339.20945$cDistribuzione del reddito e della ricchezza in Italia$v22 700 1$aLIVRAGHI,$bRenata$0117832 701 1$aROBERTI,$bPaolo$0133639 701 1$aDI_FILIPPO,$bEmanuela$0231764 801 $aIT$bSOL$c20120104 912 $a990005562940203316 950 $aDIP.TO SCIENZE ECONOMICHE - (SA)$dDS 300 339.20945 LIV$eFPP488 DISES 951 $a300 339.20945 LIV$b488 DISES 959 $aBK 969 $aDISES 979 $c20121027$lUSA01$h1533 979 $c20121027$lUSA01$h1613 979 $aPATRY$b90$c20121114$lUSA01$h1447 996 $aDistribuzione personale dei redditi e spesa sociale$9576759 997 $aUNISA NUM $aUSA20598 LEADER 02587nam 2200577 a 450 001 9910779596303321 005 20230725055904.0 010 $a1-86189-959-9 010 $a1-299-19079-0 035 $a(CKB)2550000001005980 035 $a(EBL)1127621 035 $a(SSID)ssj0000906196 035 $a(PQKBManifestationID)12422800 035 $a(PQKBTitleCode)TC0000906196 035 $a(PQKBWorkID)10930567 035 $a(PQKB)11418411 035 $a(MiAaPQ)EBC1127621 035 $a(Au-PeEL)EBL1127621 035 $a(CaPaEBR)ebr10660883 035 $a(CaONFJC)MIL450329 035 $a(OCoLC)854970475 035 $a(EXLCZ)992550000001005980 100 $a20130222d2011 uy 0 101 0 $aeng 135 $aur|n|---||||| 181 $ctxt 182 $cc 183 $acr 200 10$aArt forgery$b[electronic resource] $ethe history of a modern obsession /$fThierry Lenain 210 $aLondon $cReaktion Books$d2011 215 $a1 online resource (386 p.) 300 $aDescription based upon print version of record. 311 $a1-86189-850-9 320 $aIncludes bibliographical references and index. 327 $aArt Forgery: The History of a Modern Obsession; Imprint page; Contents; Foreword; 1. The Symptoms of an Obsession; 2. Before the Age of Art Forgery; 3. Before the Age of the Obsession with Art Forgery; 4. Art Forgery as the Connoisseur's Nightmare; Conclusion: Fakes and the End of the World; References; Bibliography; Acknowledgements; Photo Acknowledgements; Index 330 $aWith the recent advent of technologies that make detecting art forgeries easier, the art world has become increasingly obsessed with verifying and ensuring artistic authenticity. In this unique history, Thierry Lenain examines the genealogy of faking and interrogates the anxious, often neurotic, reactions triggered in the modern art world by these clever frauds. Lenain begins his history in the Middle Ages, when the issue of false relics and miracles often arose. But during this time, if a relic gave rise to a cult, it would be considered as genuine even if 606 $aArt$xForgeries$xHistory 606 $aPictures$xCopying$xHistory 606 $aArt$xExpertising 615 0$aArt$xForgeries$xHistory. 615 0$aPictures$xCopying$xHistory. 615 0$aArt$xExpertising. 676 $a702.874 700 $aLenain$b Thierry$01203991 801 0$bMiAaPQ 801 1$bMiAaPQ 801 2$bMiAaPQ 906 $aBOOK 912 $a9910779596303321 996 $aArt forgery$93804931 997 $aUNINA LEADER 04999oam 2200853 c 450 001 9910372810303321 005 20260302090207.0 010 $a9783839402351 010 $a3839402352 024 7 $a10.14361/9783839402351 035 $a(CKB)3710000000482588 035 $a(OAPEN)1007641 035 $a(DE-B1597)461354 035 $a(OCoLC)1013939651 035 $a(OCoLC)946555571 035 $a(DE-B1597)9783839402351 035 $a(transcript Verlag)9783839402351 035 $a(MiAaPQ)EBC6955639 035 $a(Au-PeEL)EBL6955639 035 $a(oapen)https://directory.doabooks.org/handle/20.500.12854/30215 035 $a(ScCtBLL)3ed562b6-6314-4d51-87f0-433bd2cd65fd 035 $a(OCoLC)1110446375 035 $a(EXLCZ)993710000000482588 100 $a20260302h20152004 uy 0 101 0 $ager 135 $auuuuu---auuuu 181 $ctxt$2rdacontent 182 $cc$2rdamedia 183 $acr$2rdacarrier 200 10$aEmotionstheorien$eBegriffliche Arbeit am Gefühl$fAlexander Kochinka 205 $a1st ed. 210 $aBielefeld$ctranscript Verlag$d2015 210 $d2015, c2004 215 $a1 online resource (306) 225 0 $aKultur- und Medientheorie 311 08$a9783899422351 311 08$a389942235X 327 $aFrontmatter 1 INHALT 7 Danksagung und Hinweise zur Lektu?re 9 Einleitung 11 1.1 Differenzierungen 17 1.2 Abgrenzungen 59 1.3 Emotionspsychologische Gegenstandsbestimmungen 113 1.4 Was ist nun ein Gefu?hl? - Sieben Thesen 135 2.1 Charles Darwin 145 2.2 Wilhelm Wundt 169 2.3 William James 213 2.4 Zusammenfassung 261 3.1 Gestaltpsychologie 265 3.2 Erza?hltheorie 273 3.3 Zwei Modi der Bildung von Gefu?hlen: Gestaltbildung und Erza?hlbildung 277 4. Zusammenfassung 285 Literatur 289 Backmatter 305 330 $aWer sich aus psychologischer Perspektive für Gefühle interessiert, findet eine Vielzahl ganz heterogener Entwürfe vor, die scheinbar beziehungslos nebeneinander stehen. Wovon also handelt die Wissenschaft, wenn sie sich mit Gefühlen beschäftigt? Um diese Frage zu beantworten, entwickelt Alexander Kochinka systematisch Kriterien, mit denen nicht nur der komplexe Forschungsgegenstand »Gefühl« selbst entfaltet, sondern auch der jeweilige theoretische Zugriff auf dieses Phänomen eingeordnet werden kann. Anschließend werden die Leser, auf diese Weise begrifflich und theoretisch sensibilisiert, mit den Emotionstheorien von Charles Darwin, Wilhelm Wundt und William James bekannt gemacht. Der genaue Blick auch in die Details enthüllt dabei, daß diese »Patriarchen der Psychologiegeschichte« eine ganze Menge mehr zu den Gefühlen zu sagen haben, als ihnen in der gegenwärtigen Debatte zugestanden wird. 330 1 $aBesprochen in:www.buchkatalog.de, Stefan Rusche 330 1 $a»Von den Alten lernen! Kochinka lehrt Psychologie an der Universität Hannover und dürfte dort mit breitem Wissen und einer erzählerischen, meinungsfreudigen Haltung zu den beliebteren Dozenten zählen. Sein 300-seitiges Buch ist zwar nicht frei von wissenschaftlichem Kleinklein: Feinsten Verästelungen unterschiedlicher Ansätze in Neurowissenschaften, Sprachforschung und Psychologie wird genau nachgegangen. Der Leser wird dafür aber belohnt mit einem enormen Fußnotenapparat und einem Schatz von Zitaten. Bewusst widmet er den Giganten Charles Darwin, Wilhelm Wundt und William James eigene Kapitel und macht sie dem Leser leicht zugänglich. Gerade Darwin bietet mit seinen genauen Forschungen und Experimenten zu Mimik und Emotion manche Überraschung.Gegen Ende führt Kochinka die naturgemäß ausschweifenden Stränge zur Beantwortung der 'Frage nach der Zusammensetzung komplexer Gefühle' wieder auf zwei Fixpunkte zu: Gestaltpsychologie und Erzähltheorie.Fazit: Dieser Band richtet sich sicherlich nicht an Laien. Dafür lohnt es aber für den vorgebildeten Leser umso mehr, dem durchdachten Bogen des Buches zu folgen.« 410 0$aKultur- und Medientheorie 517 2 $aKochinka, Emotionen$eBegriffliche Arbeit am Gefühl 606 $aSocial Relations 606 $aGefühl 606 $aEmotion 606 $aPsychology 606 $aDarwin 606 $aPsychoanalysis 606 $aWundt 606 $aJames 606 $aSozialität 606 $aPsychologie 606 $aPsychoanalyse 615 4$aSocial Relations 615 4$aGefühl 615 4$aEmotion 615 4$aPsychology 615 4$aDarwin 615 4$aPsychoanalysis 615 4$aWundt 615 4$aJames 615 4$aSozialität 615 4$aPsychologie 615 4$aPsychoanalyse 676 $a150 686 $aCP 3200$2rvk 700 $aKochinka$b Alexander$p

Alexander Kochinka, Universität Hannover, Deutschland

$4aut$0967943 801 0$bDE-B1597 801 1$bDE-B1597 906 $aBOOK 912 $a9910372810303321 996 $aEmotionstheorien$92198278 997 $aUNINA